00389 a2200145 4500003000400000005001700004008004100021020001800062040000900080082001900089100002100108245006000129260004400189300001000233OSt20230916111759.0230916b |||||||| |||| 00| 0 eng d a9788172165437 coclc a612.044bSIN/A aSingh, Amandeep aAthletic care and rehabilitation /cDr. Amandeep Singh. aNew Delhi:bFriends Publicationsc2022. a125 p